Online
Catalog

Tarea de resaca / (Record no. 1187)

MARC details
000 -CABECERA
campo de control de longitud fija 00669nam a2200193 a 4500
001 - NÚMERO DE CONTROL
campo de control 000001241
005 - FECHA Y HORA DE LA ÚLTIMA TRANSACCIÓN
campo de control 20200929145522.0
008 - DATOS DE LONGITUD FIJA--INFORMACIÓN GENERAL
campo de control de longitud fija 911205s1986 ve 000 p spa
040 ## - FUENTE DE LA CATALOGACIÓN
Centro catalogador/agencia de origen DO-SdBNP
Centro/agencia transcriptor DLC
082 ## - NÚMERO DE LA CLASIFICACIÓN DECIMAL DEWEY
Número de clasificación Ve861.44
Número de documento/Ítem D352t
100 1# - ENTRADA PRINCIPAL--NOMBRE DE PERSONA
Nombre de persona Delgado Arria, Luis.
9 (RLIN) 4229
245 10 - MENCIÓN DE TÍTULO
Título Tarea de resaca /
Mención de responsabilidad, etc. Luis Delgado Arria.
260 ## - PUBLICACIÓN, DISTRIBUCIÓN, ETC.
Lugar de publicación, distribución, etc. Caracas, Venezuela :
Nombre del editor, distribuidor, etc. Fundación Centro de Estudios Latinoamericanos Rómulo Gallegos,
Fecha de publicación, distribución, etc. 1986.
300 ## - DESCRIPCIÓN FÍSICA
Extensión 55 p. ;
Dimensiones 19 cm.
586 ## - NOTA DE PREMIOS
Nota de premios "Premio Fernando Paz Castillo, Mención poesía, Caracas 1986."
650 #4 - PUNTO DE ACCESO ADICIONAL DE MATERIA--TÉRMINO DE MATERIA
Término de materia o nombre geográfico como elemento de entrada Poesía venezolana
9 (RLIN) 4230
650 #4 - PUNTO DE ACCESO ADICIONAL DE MATERIA--TÉRMINO DE MATERIA
Término de materia o nombre geográfico como elemento de entrada Literatura venezolana
9 (RLIN) 3816
910 ## - DATOS DE OPCIÓN DEL USUARIO (OCLC)
Datos de opción del usuario Catalogación por copia / LC
Holdings
Estado de retiro Estado de pérdida Restricciones de uso No para préstamo Código de colección Localización permanente Ubicación/localización actual Ubicación en estantería Fecha de adquisición Número de inventario Total de préstamos Signatura topográfica completa Código de barras Fecha visto por última vez Precio válido a partir de Tipo de ítem Koha Número de copia
    Préstamo interno Préstamo en sala Dominicana de Servicio Biblioteca Nacional Pedro Henríquez Ureña Biblioteca Nacional Pedro Henríquez Ureña Depósito 03.09.2009 LF1   Ve861.44 D352t 1241-10 25.06.2020 25.06.2020 Libros y folletos  
    Préstamo restringido Préstamo en sala Dominicana de Servicio Biblioteca Nacional Pedro Henríquez Ureña Biblioteca Nacional Pedro Henríquez Ureña Depósito 20.05.2010 LF1   Ve861.44 D352t 1241-20 25.06.2020 25.06.2020 Libros y folletos e.2

Powered by Koha